Una Vida Extraordinaria : (Record no. 23375)

000 -CABECERA
fixed length control field 00844nam a22002057i 4500
003 - IDENTIFICADOR DEL NÚMERO DE CONTROL
control field AR-CdUCM
008 - DATOS DE LONGITUD FIJA--INFORMACIÓN GENERAL
fixed length control field 250829b20242024 pe||||| |||| 00| 0 spa d
020 ## - NÚMERO INTERNACIONAL ESTÁNDAR DEL LIBRO
ISBN 978-612-03-0030-5
040 ## - FUENTE DE LA CATALOGACIÓN
Agencia/entidad que catalogó originalmente la obra MUNICIPALIDAD PROVINCIAL DEL CUSCO
Entidad que transcribió la catalogación BIBLIOTECA MUNICIPAL DEL CUSCO
082 ## - NÚMERO DE LA CLASIFICACIÓN DECIMAL DEWEY
No. de Clasificación 158.1 / B444
Notacion interna B444
No. de la edición Segunda Edición
100 ## - ENTRADA PRINCIPAL--NOMBRE DE PERSONA
Nombre Personal Benigno, Juan
245 ## - MENCIÓN DE TÍTULO
Título Una Vida Extraordinaria :
Resto del título Descubre el camino hacia una vida maravillosa /
260 ## - PUBLICACIÓN, DISTRIBUCIÓN, ETC.
Lugar de publicación, distribución, etc. Cusco :
Nombre de la editorial, distribuidor, etc. Autor-Editor-Cimagraf
Fecha de publicación, distribución, etc. 2024
300 ## - DESCRIPCIÓN FÍSICA
Nº de Páginas Extensión 167 páginas. :
Dimensiones 23x15 cm.
505 ## - NOTA DE CONTENIDO CON FORMATO
Nota de contenido formateada La aventura mas grande -- Eres una creación milagrosa -- La inversión mas grande -- Invertir en ti -- La elección es tuya -- El verdadero amor -- La magia de la disciplina
650 ## - PUNTO DE ACCESO ADICIONAL DE MATERIA--TÉRMINO DE MATERIA
Descriptor ¿Quién es Juan Benigno?
9 (RLIN) 51509
942 ## - ELEMENTOS DE PUNTO DE ACCESO ADICIONAL (KOHA)
Fuente de clasificación
Tipo de item Libros-BMC
945 ## - PROCESAMIENTO DE INFORMACIÓN LOCAL (OCLC)
Catalogador pbjr
AAAA-MM-DD - Fecha de ingreso o modificacion 29-08-2025
Holdings
Estado de retiro (separado) Fuente de clasificación o esquema de estanterías Estado dañado Ubicación Sala donde se ubica Nombre de la colección Fecha de adquisición o compra Fuente de adquisición Costo, precio normal en soles Signatura topográfica Código de Barras Última vez visto (Koha) Tipo de ítem (Koha)
No     Sala Humanidades Sala Humanidades Book Cart 2025-08-29 Depósito legal 20.00 158.1 / B444 SH0000016987 2025-08-29 Libros-BMC

Powered by Koha